000 00420nam a2200169Ia 4500
005 20240823011627.0
008 240823s9999||||xx |||||||||||||| ||und||
082 _A338.7 P1
100 _aMade Gowda J (ed)
245 0 _aBusiness Environment and Policy
250 _a1st
260 _c2001
_b"Deep and Deep,New Delhi"
500 _aYES
650 _aManagement
_bManagement Studies
942 _cBK
999 _c162084
_d162084